| 000 | 00456nam a2200169Ia 4500 | ||
|---|---|---|---|
| 008 | 230917s9999||||xx |||||||||||||| ||und|| | ||
| 020 | _cUSD135 | ||
| 040 |
_e229108 _aMAIN |
||
| 041 | _aEnglish | ||
| 082 | _a338.4791 A54T | ||
| 100 | _aArmando, Mattos, ed. | ||
| 245 | 0 | _aTime shift, leisure and tourism | |
| 260 |
_aNew York _bArcler Press _c2016 |
||
| 300 | _axiii, 258 p. | ||
| 500 | _a2166 09/11/2015 PBA15/466 10/11/2015 IHTM (SFS) | ||
| 942 | _cBK | ||
| 999 |
_c16500 _d16500 |
||